000 00493nam a22001697a 4500
005 20240918125518.0
008 240918b |||||||| |||| 00| 0 eng d
020 _a0409016292
041 _aEnglish
082 _a349 BUT
100 _lEnglish
245 _aButterworths Forms and Precedents: Intellectual Property 1
260 _aDurban:
_bLexisNexis (Pty) Ltd,
_c1996
300 _b611 pages;
_c26 cm.
650 _aLegal practice
_bLaw
942 _cBK
_6ALISON_BN_VRIES
999 _c3043
_d3043